000 00313nam a2200109Ia 4500
008 171211s9999 xx 000 0 und d
245 _aLearning PowerCLI - Second Edition
245 _cRobert van den Nieuwendijk
260 _c2017
650 _xSOFTWARE
856 _uhttp://down.ebook777.com/062/9781786468017.pdf
999 _c349342
_d349342